000 00350nam a22001577a 4500
005 20251215150146.0
008 251215b |||||||| |||| 00| 0 eng d
037 _cJOU
040 _aAL
_cAL
041 _2URD
_aURD
245 _aMirza dabeer
260 _c1977.
365 _b7.50
_cINR
942 _2CC
_cTB
_n0
999 _c1466388
_d1466388